| 000 | 00918nam a2200217 a 4500 | ||
|---|---|---|---|
| 003 | 0 | ||
| 005 | 20250312103943.0 | ||
| 008 | 080725s19uu xx 00 eng d | ||
| 050 |
_aPGS LB 1031.P47 _b.Y59 2008 |
||
| 100 | _aYoo, Jeong Jae. | ||
| 245 |
_aPerceptions on the effects of teacher's positive expectation on the performance of academic-related task of selected Grade 6 students / _cJeong Jae Yoo. |
||
| 260 |
_aLas PiƱas City, Philippines : _bSouthville International School and Colleges, _c2008. |
||
| 300 |
_a27 pages : _billustrations ; _c28 cm. |
||
| 504 | _aIncludes bibliographical references. | ||
| 650 |
_aTeacher-student relationships _vPsychological aspects. |
||
| 650 | _aExpectation effects (Psychology) in education. | ||
| 650 |
_aAcademic achievement _vInfluences. |
||
| 650 | _aMotivation in education. | ||
| 650 | _aSelf-fulfilling prophecies in education. | ||
| 942 |
_2lcc _cPASS |
||
| 999 |
_c97937 _d97937 |
||